[Event "Chessable Masters Play-In"]
[Site "chess.com INT"]
[Date "2023.03.13"]
[Round "5"]
[White "Keymer, Vincent"]
[Black "Tari, A."]
[Result "1-0"]
[WhiteElo "2699"]
[BlackElo "2649"]
[PlyCount "95"]
[EventDate "2023.03.13"]

1. Nf3 Nf6 2. c4 c5 3. Nc3 e6 4. g3 d5 5. cxd5 exd5 6. d4 Nc6 7. a3 cxd4 8. Nxd4 Bc5 9. Be3 Bb6 10. Na4 ({RR} 10. Bg2 O-O 11. O-O Re8 12. Kh1 Bg4 13. Re1 Qd7 14. Nxc6 Bxe3 15. Nb4 Bxf2 16. Rf1 d4 17. Rxf2 dxc3 18. Qxd7 Bxd7 19. bxc3 Ng4 20. Rf4 Rxe2 21. Bxb7 Rb8 22. Bg2 g5 23. Rd4 Rbe8 24. Bf3 Rxh2+ {Abdusattorov,N (2777)-So,W (2747) Kolkata IND 2024 0-1 (37)}) ({RR} 10. Bg2 O-O 11. O-O Re8 12. h3 Rxe3 13. fxe3 Qd6 14. Rf3 Bd7 15. Kh2 Ne5 16. Rf4 Re8 17. Qf1 Nh5 18. Nxd5 Nxf4 19. Qxf4 Bd8 20. Rd1 Qg6 21. Nf3 Nxf3+ 22. exf3 Bxh3 23. Qa4 Qc6 24. Qxc6 bxc6 {Keymer,V (2730)-Xiong,J (2650) Samarkand 2025 1-0 (54)}) ({RR} 10. Bg2 O-O 11. O-O Re8 12. Kh1 Bg4 13. Re1 Qd7 14. Nxc6 Bxe3 15. Nb4 Bxf2 16. Rf1 d4 17. Rxf2 dxc3 18. Qxd7 Bxd7 19. bxc3 Ng4 20. Rf4 Rxe2 21. Bxb7 Rb8 22. Bg2 g5 23. Rd4 Rbe8 24. Bf3 Rxh2+ {Abdusattorov,N (2777)-So,W (2747) Kolkata IND 2024 0-1 (37)}) ({RR} 10. Bg2 O-O 11. O-O Re8 12. h3 Rxe3 13. fxe3 Qd6 14. Rf3 Bd7 15. Kh2 Ne5 16. Rf4 Re8 17. Qf1 Nh5 18. Nxd5 Nxf4 19. Qxf4 Bd8 20. Rd1 Qg6 21. Nf3 Nxf3+ 22. exf3 Bxh3 23. Qa4 Qc6 24. Qxc6 bxc6 {Keymer,V (2730)-Xiong,J (2650) Samarkand 2025 1-0 (54)}) 10... O-O 11. Nxb6 axb6 12. Bg2 $146 ({RR} 12. Nf3 Re8 13. Bg2 Bf5 14. O-O Be4 15. Rc1 h6 16. Bd4 b5 17. Bc3 Qd6 18. Nd4 Nxd4 19. Bxd4 Bxg2 20. Kxg2 Ne4 21. e3 Qd7 22. h3 Rac8 23. Qg4 f5 24. Qg6 Qf7 25. Qb6 Qd7 26. Rfd1 Kh7 {Santos Latasa,J (2672)-Merario Alarcon,A (2423) Linares 2022 ½-½}) ({RR} 12. h3 Ne4 13. Bg2 Re8 14. Qb3 Na5 15. Qd3 Nc5 16. Qd1 Nc4 17. Bc1 h5 18. b3 Ne5 19. O-O h4 20. Bf4 Ng6 21. Nb5 Nxf4 22. gxf4 Ne4 23. Rc1 Re6 24. Nc7 Rg6 25. Kh2 Qd7 26. Qd3 Nc5 {Xia,J (2101)-Xia,M (1652) Dongtai CHN 2026 1-0 (83)}) ({RR} 12. Nf3 Re8 13. Bg2 Bf5 14. O-O Be4 15. Rc1 h6 16. Bd4 b5 17. Bc3 Qd6 18. Nd4 Nxd4 19. Bxd4 Bxg2 20. Kxg2 Ne4 21. e3 Qd7 22. h3 Rac8 23. Qg4 f5 24. Qg6 Qf7 25. Qb6 Qd7 26. Rfd1 Kh7 {Santos Latasa,J (2672)-Merario Alarcon,A (2423) Linares 2022 ½-½}) ({RR} 12. h3 Ne4 13. Bg2 Re8 14. Qb3 Na5 15. Qd3 Nc5 16. Qd1 Nc4 17. Bc1 h5 18. b3 Ne5 19. O-O h4 20. Bf4 Ng6 21. Nb5 Nxf4 22. gxf4 Ne4 23. Rc1 Re6 24. Nc7 Rg6 25. Kh2 Qd7 26. Qd3 Nc5 {Xia,J (2101)-Xia,M (1652) Dongtai CHN 2026 1-0 (83)}) 12... Re8 13. O-O Ne4 14. Rc1 Na5 15. Nb5 Nc6 16. Bf4 Re7 17. b4 Bf5 18. Nc7 Rxc7 19. Bxc7 Qxc7 20. Qxd5 Qe5 21. Qxe5 Nxe5 22. g4 Nxg4 23. f3 Ne5 24. fxe4 Bd7 25. Rc3 h5 26. Rd1 f6 27. Bh3 Bc6 28. Be6+ Kh7 29. Bd5 b5 30. Kf2 Re8 31. h3 Kh6 32. Ke3 Bd7 33. Kd4 b6 34. Rg1 g5 35. Rc7 Bxh3 36. Rb7 Kg6 37. Rxb6 Bg4 38. Rxb5 Bxe2 39. Rb7 h4 40. Ke3 Bf3 41. Rc1 h3 42. Rcc7 Kh5 43. Rh7+ Kg4 44. Kf2 Rc8 45. Be6+ Kf4 46. Bxc8 Bxe4 47. Bxh3 g4 48. Bg2 1-0

[Event "Airthings Masters Play-In"]
[Site "chess.com INT"]
[Date "2023.02.03"]
[Round "1"]
[White "Keymer, Vincent"]
[Black "Rakhmanov, Ale"]
[Result "1/2-1/2"]
[WhiteElo "2690"]
[BlackElo "2635"]
[PlyCount "153"]
[EventDate "2023.02.03"]

1. Nf3 d5 2. e3 e6 3. c4 Nf6 4. Nc3 a6 5. b3 c5 6. cxd5 exd5 7. g3 Nc6 8. Bg2 Be7 9. O-O O-O 10. d4 Bg4 11. dxc5 Bxc5 12. Bb2 Re8 13. h3 $146 ({RR} 13. Ne2 Ne4 14. h3 Bxf3 15. Bxf3 Qg5 16. h4 Qf5 17. Nf4 Ne5 18. Bg2 Rad8 19. Bd4 Bxd4 20. Qxd4 Ng6 21. Ne2 Ne5 22. Rac1 Nf3+ 23. Bxf3 Qxf3 24. Nf4 Nf6 25. Rc7 Rc8 26. Rxb7 Rc2 27. Qd1 Qxd1 {Pasti,A (2349)-Juhasz,A (2425) Budapest HUN 2025 1-0 (36)}) ({RR} 13. Ne2 Ne4 14. h3 Bxf3 15. Bxf3 Qg5 16. h4 Qf5 17. Nf4 Ne5 18. Bg2 Rad8 19. Bd4 Bxd4 20. Qxd4 Ng6 21. Ne2 Ne5 22. Rac1 Nf3+ 23. Bxf3 Qxf3 24. Nf4 Nf6 25. Rc7 Rc8 26. Rxb7 Rc2 27. Qd1 Qxd1 {Pasti,A (2349)-Juhasz,A (2425) Budapest HUN 2025 1-0 (36)}) 13... Bh5 14. Ne2 Bxf3 15. Bxf3 Ne5 16. Bg2 Qb6 17. Rc1 Rad8 18. Qc2 Ned7 19. Bxf6 Qxf6 20. Bxd5 b6 21. Nf4 Ne5 22. Rfd1 Ng6 23. Qc4 Nxf4 24. Qxf4 Qxf4 25. gxf4 a5 26. Kg2 g6 27. Bc6 Rf8 28. Bd7 f5 29. Rd5 Kg7 30. Rcd1 Rf6 31. R1d3 Kf8 32. h4 Ke7 33. Re5+ Kf8 34. Bxf5 Rfd6 35. Rxd6 Bxd6 36. Rb5 Bc5 37. Be6 Rd2 38. Kf3 Rxa2 39. f5 Rd2 40. fxg6 hxg6 41. Bg4 Ke7 42. h5 gxh5 43. Bxh5 Kd7 44. Bf7 Kc6 45. Be8+ Kd6 46. Kg3 Rd1 47. Bh5 Rg1+ 48. Kf4 Rf1 49. f3 Rh1 50. Bg6 Rh6 51. Bd3 Kc6 52. e4 Rd6 53. Bc4 Rd4 54. Ke5 a4 55. bxa4 Rxc4 56. f4 Rxa4 57. Rb1 Ra8 58. Rc1 Re8+ 59. Kf5 Rf8+ 60. Kg5 b5 61. e5 b4 62. f5 Kd5 63. Kf4 Rh8 64. Rd1+ Bd4 65. f6 b3 66. f7 Rf8 67. e6 Kxe6 68. Rxd4 Rxf7+ 69. Ke3 Rb7 70. Rd1 Ke5 71. Rb1 Rh7 72. Kd3 Rh3+ 73. Kc4 Rh4+ 74. Kxb3 Re4 75. Rc1 Rd4 76. Rc4 Rxc4 77. Kxc4 1/2-1/2

[Event "FIDE World Cup 2023"]
[Site "Baku AZE"]
[Date "2023.08.16"]
[Round "6.2"]
[White "Caruana, F."]
[Black "Dominguez Perez, L."]
[Result "1-0"]
[WhiteElo "2782"]
[BlackElo "2739"]
[PlyCount "187"]
[EventDate "2023.07.30"]
[EventType "k.o."]

1. c4 c5 2. Nc3 e6 3. Nf3 Nf6 4. g3 d5 5. cxd5 exd5 6. d4 Nc6 7. a3 cxd4 8. Nxd4 Bc5 9. Be3 Bb6 10. Na4 Bxd4 11. Bxd4 O-O 12. Bg2 Re8 13. Nc3 Bf5 14. O-O Ne4 15. Re1 ({RR} 15. Rc1 Qd7 {½-½ (16) Bluebaum,M (2660)-Lysyj,I (2606) chess.com INT 2023}) ({RR} 15. Rc1 Qd7 {½-½ (16) Bluebaum,M (2660)-Lysyj,I (2606) chess.com INT 2023}) 15... Qd7 16. Rc1 Rad8 17. Nxe4 $146 Bxe4 18. e3 Bxg2 19. Kxg2 Re4 20. Bc3 Qe6 21. Qf3 h6 22. Red1 Ne7 23. Rd2 b6 24. Rcd1 Nc6 25. h3 Rd7 26. Qh5 Ne7 27. Rd3 a5 28. R3d2 Rc4 29. Qf3 Rdc7 30. Rd4 Rxd4 31. Rxd4 Rc4 32. a4 Qc6 33. Rxc4 Qxc4 34. Bd4 Qxa4 35. Qg4 Ng6 36. Qc8+ Kh7 37. Qf5 Kg8 38. Qxd5 b5 39. h4 Qd1 40. Qa8+ Kh7 41. Qxa5 Qg4 42. Kf1 Qd1+ 43. Qe1 Qd3+ 44. Qe2 Qf5 45. Kg2 Nf8 46. Qf3 Qd7 47. Qe4+ f5 48. Qf3 Ng6 49. Bc3 Ne7 50. e4 Kg8 51. exf5 Nxf5 52. Qa8+ Kf7 53. h5 Ne7 54. Bb4 Nd5 55. Qf8+ Ke6 56. Qg8+ Ke5 57. Bd2 Kd4 58. Qh7 Qe7 59. Kg1 b4 60. b3 Qe5 61. Qc2 Qxh5 62. Bxb4 Qf3 63. Ba3 Ke5 64. Bb2+ Kd6 65. Bxg7 h5 66. Bd4 h4 67. Qg6+ Kd7 68. Qh7+ Ne7 69. Qxh4 Qxb3 70. Qg4+ Kd6 71. Qe4 Qb5 72. Kg2 Qh5 73. g4 Qb5 74. Bf6 Nd5 75. Be5+ Kd7 76. Kg3 Ne7 77. Bf6 Nd5 78. Qf5+ Ke8 79. Qe6+ Kf8 80. Be5 Qd3+ 81. f3 Qd1 82. Bd6+ Kg7 83. Bc5 Nf6 84. Qe5 Kf7 85. Bd4 Nd7 86. Qe4 Nf8 87. Bc5 Ng6 88. Qc4+ Kg7 89. Qd4+ Qxd4 90. Bxd4+ Kf7 91. f4 Ne7 92. f5 Nd5 93. g5 Ne7 94. Kg4 1-0

[Event "FIDE World Cup 2023"]
[Site "Baku AZE"]
[Date "2023.08.02"]
[Round "2.1"]
[White "Fedoseev, Vl3"]
[Black "Pechac, Jergus"]
[Result "1/2-1/2"]
[WhiteElo "2676"]
[BlackElo "2608"]
[PlyCount "108"]
[EventDate "2023.07.30"]
[EventType "k.o."]

1. c4 c5 2. g3 Nc6 3. Bg2 e6 4. Nf3 d5 5. cxd5 exd5 6. d4 Nf6 7. Nc3 Be7 8. O-O O-O 9. dxc5 Bxc5 10. Na4 Be7 11. Nd4 ({RR} 11. Bf4 Bg4 12. Rc1 Re8 13. a3 Ne4 14. b4 Rc8 15. Qd3 Bf6 16. Rfd1 Qe7 17. h3 Be6 18. Nc5 g5 19. Be3 Bf5 20. Qxd5 Nxg3 21. fxg3 Qxe3+ 22. Kh2 Bg6 23. Nd7 Bb2 24. Rc5 h6 25. b5 Ne7 {Salvador,R (2484)-Sadorra,J (2525) Boracay Island 2012 0-1 (36)}) ({RR} 11. Bf4 Bg4 12. Rc1 Re8 13. a3 Ne4 14. b4 Rc8 15. Qd3 Bf6 16. Rfd1 Qe7 17. h3 Be6 18. Nc5 g5 19. Be3 Bf5 20. Qxd5 Nxg3 21. fxg3 Qxe3+ 22. Kh2 Bg6 23. Nd7 Bb2 24. Rc5 h6 25. b5 Ne7 {Salvador,R (2484)-Sadorra,J (2525) Boracay Island 2012 0-1 (36)}) 11... h5 $146 ({RR} 11... Bd7 12. Nxc6 Bxc6 13. Be3 Qa5 14. Nc3 Ne4 15. Bd4 Bb4 16. Qd3 Rfe8 17. Rfd1 Rad8 18. e3 a6 19. a3 Bxc3 20. Bxc3 Qc7 21. Qd4 f6 22. Rac1 Qe7 23. Ba5 Rd7 24. Re1 Qe6 25. Re2 h5 26. h4 {Szabo,L-Stoltz,G Zaandam 1946 1-0 (43)}) ({RR} 11... Re8 12. Be3 Bd7 13. Nc3 Be6 14. Qa4 Ne5 15. Rad1 a6 16. Qb3 Qa5 17. a3 Nc4 18. Nxe6 Nxe3 19. Nxg7 Nxd1 20. Nxe8 Nxc3 21. Nxf6+ Bxf6 22. bxc3 Qb5 23. Qc2 Qc5 24. Qf5 Qxc3 25. Bxd5 Qe5 26. Qg4+ {Ernst,R (2401)-Janous,M (2291) Ceske Budejovice CZE 2026 1-0 (33)}) ({RR} 11... Bd7 12. Nxc6 Bxc6 13. Be3 Qa5 14. Nc3 Ne4 15. Bd4 Bb4 16. Qd3 Rfe8 17. Rfd1 Rad8 18. e3 a6 19. a3 Bxc3 20. Bxc3 Qc7 21. Qd4 f6 22. Rac1 Qe7 23. Ba5 Rd7 24. Re1 Qe6 25. Re2 h5 26. h4 {Szabo,L-Stoltz,G Zaandam 1946 1-0 (43)}) ({RR} 11... Re8 12. Be3 Bd7 13. Nc3 Be6 14. Qa4 Ne5 15. Rad1 a6 16. Qb3 Qa5 17. a3 Nc4 18. Nxe6 Nxe3 19. Nxg7 Nxd1 20. Nxe8 Nxc3 21. Nxf6+ Bxf6 22. bxc3 Qb5 23. Qc2 Qc5 24. Qf5 Qxc3 25. Bxd5 Qe5 26. Qg4+ {Ernst,R (2401)-Janous,M (2291) Ceske Budejovice CZE 2026 1-0 (33)}) 12. Bf4 h4 13. Rc1 h3 14. Bf3 Bd7 15. Nc3 Qb6 16. Be3 Qxb2 17. Nxd5 Nxd5 18. Bxd5 Rad8 19. Rb1 Qa3 20. Rxb7 Nxd4 21. Qxd4 Be6 22. Bc1 Rxd5 23. Bxa3 Rxd4 24. Bxe7 Re8 25. Rxa7 Rd7 26. Bc5 Rxa7 27. Bxa7 Ra8 28. Bd4 Rxa2 29. Re1 Bb3 30. f3 Rd2 31. Bc3 Rd1 32. g4 Rxe1+ 33. Bxe1 g6 34. Kf2 f5 35. Kg3 Bc4 36. e3 Be2 37. Kf4 Kf7 38. e4 fxe4 39. Kxe4 g5 40. Ke3 Bf1 41. Kf2 Bg2 42. Kg3 Kg6 43. Bd2 Bf1 44. Kf2 Bg2 45. Bc1 Bh1 46. Kg3 Bg2 47. Kf2 Bh1 48. Ba3 Bg2 49. Be7 Bh1 50. Bd6 Bg2 51. Bc7 Bh1 52. Kg3 Bg2 53. Ba5 Bf1 54. Bb6 Bg2 1/2-1/2

[Event "AI Cup Play-In Match 2023"]
[Site "chess.com INT"]
[Date "2023.09.18"]
[Round "1.2"]
[White "Gledura, B."]
[Black "Esipenko, Andrey"]
[Result "1/2-1/2"]
[WhiteElo "2633"]
[BlackElo "2683"]
[PlyCount "124"]
[EventDate "2023.09.18"]

1. d4 d5 2. c4 e6 3. Nc3 Nf6 4. cxd5 exd5 5. Bf4 c5 6. e3 Nc6 7. Nf3 c4 8. Bg5 ({RR} 8. Be2 Bb4 9. Nd2 Qa5 10. Qc2 O-O 11. O-O g6 12. Bg5 Bf5 13. Qc1 Be7 14. a3 Rfc8 15. Bf3 Be6 16. b3 cxb3 17. Nxb3 Qd8 18. Qb2 b6 19. Rfc1 Ne8 20. Bf4 Bg5 21. Ne2 Nd6 22. Nd2 Na5 {Harikrishna,P (2686)-Sokolov,I (2669) Sarajevo 2009 1-0 (51)}) ({RR} 8. Be2 Bb4 9. Nd2 Qa5 10. Qc2 O-O 11. O-O g6 12. Bg5 Bf5 13. Qc1 Be7 14. a3 Rfc8 15. Bf3 Be6 16. b3 cxb3 17. Nxb3 Qd8 18. Qb2 b6 19. Rfc1 Ne8 20. Bf4 Bg5 21. Ne2 Nd6 22. Nd2 Na5 {Harikrishna,P (2686)-Sokolov,I (2669) Sarajevo 2009 1-0 (51)}) 8... Be6 $146 ({RR} 8... Bb4 9. Bxf6 Qxf6 10. Be2 O-O 11. O-O Be6 12. a3 Ba5 13. Nd2 Rfd8 14. Rc1 a6 15. Bf3 b5 16. b3 Rac8 17. bxc4 dxc4 18. Nce4 Qh6 19. a4 Nxd4 20. exd4 Rxd4 21. axb5 axb5 22. Rc2 Rcd8 23. Qb1 {Veres,A (2148)-Nagy,T (2125) Slovakia 2006 0-1 (34)}) ({RR} 8... Bb4 9. Be2 O-O 10. O-O Bxc3 11. bxc3 h6 12. Bh4 g5 13. Nxg5 hxg5 14. Bxg5 Qd6 15. Bf4 Qe6 16. f3 Kg7 17. e4 Rh8 18. exd5 Qxd5 19. Qe1 Bf5 20. Qg3+ Bg6 21. Bg5 Nh5 22. Qg4 f5 23. Qh4 {Bykovskiy,O (2210)-Tay,J (2230) chess.com INT 2024 1-0}) ({RR} 8... Bb4 9. Bxf6 Qxf6 10. Be2 O-O 11. O-O Be6 12. a3 Ba5 13. Nd2 Rfd8 14. Rc1 a6 15. Bf3 b5 16. b3 Rac8 17. bxc4 dxc4 18. Nce4 Qh6 19. a4 Nxd4 20. exd4 Rxd4 21. axb5 axb5 22. Rc2 Rcd8 23. Qb1 {Veres,A (2148)-Nagy,T (2125) Slovakia 2006 0-1 (34)}) ({RR} 8... Bb4 9. Be2 O-O 10. O-O Bxc3 11. bxc3 h6 12. Bh4 g5 13. Nxg5 hxg5 14. Bxg5 Qd6 15. Bf4 Qe6 16. f3 Kg7 17. e4 Rh8 18. exd5 Qxd5 19. Qe1 Bf5 20. Qg3+ Bg6 21. Bg5 Nh5 22. Qg4 f5 23. Qh4 {Bykovskiy,O (2210)-Tay,J (2230) chess.com INT 2024 1-0}) 9. Bxf6 Qxf6 10. g3 Bb4 11. Bg2 O-O 12. Ng1 Bxc3+ 13. bxc3 Rad8 14. Rb1 Rd7 15. Ne2 a6 16. Rb6 Bf5 17. Qc1 g5 18. Qb2 Qe7 19. O-O h5 20. Qd2 Re8 21. Re1 f6 22. Nc1 Qd8 23. Rb2 Rde7 24. f3 Qa5 25. h4 gxh4 26. gxh4 Qa3 27. Kh1 Rxe3 28. Rxe3 Rxe3 29. Qxe3 Qxb2 30. Ne2 Kf7 31. Nf4 Ne7 32. Nxh5 Qb1+ 33. Kh2 Bd7 34. Qf4 Qf5 35. Qxf5 Bxf5 36. Nf4 Bd7 37. Bh3 f5 38. Kg3 Kf6 39. Nh5+ Kg6 40. Nf4+ Kh6 41. Ne2 Be6 42. Nf4 Bf7 43. Ng2 Kg7 44. Ne3 Kf6 45. f4 Nc8 46. Nxf5 Nb6 47. Ne3 Na4 48. Nd1 Bg6 49. f5 Bxf5 50. Bxf5 Kxf5 51. Ne3+ Ke6 52. Nd1 b5 53. Kf4 a5 54. a3 Kf6 55. h5 b4 56. axb4 axb4 57. cxb4 c3 58. Nxc3 Nxc3 59. h6 Kg6 60. Ke5 Kxh6 61. b5 Nxb5 62. Kxd5 Nxd4 1/2-1/2

[Event "chess.com SpeedChess 2023"]
[Site "chess.com INT"]
[Date "2023.09.15"]
[Round "2.8"]
[White "Vachier Lagrave, M."]
[Black "Nihal, Sarin"]
[Result "1-0"]
[WhiteElo "2727"]
[BlackElo "2694"]
[PlyCount "73"]
[EventDate "2023.09.04"]

1. c4 e6 2. Nc3 d5 3. d4 c5 4. cxd5 exd5 5. Nf3 Nf6 6. Bg5 Be6 7. e3 c4 8. Be2 Nbd7 9. Ne5 Bb4 10. O-O O-O 11. f4 Bxc3 12. bxc3 Bf5 13. Bf3 Qa5 14. g4 Bd3 15. Nxd3 cxd3 16. Qxd3 Rac8 17. Rfc1 Rfe8 18. Bh4 $146 ({RR} 18. Bxf6 Nxf6 19. Rc2 Qa4 20. Rac1 b5 21. Qf5 Qc4 22. Kf2 Re6 23. g5 Ne4+ 24. Bxe4 Rxe4 25. Qh3 Rce8 26. Re1 Qd3 27. Rce2 Qc4 28. Qd7 a6 29. Qd6 R8e6 30. Qb4 Qc6 31. Ra1 Qe8 32. Rae1 Rc6 {Balabayeva,X (2183)-Nurmanova,A (2191) Semey KAZ 2022 0-1 (72)}) ({RR} 18. Rab1 b6 19. Bh4 Ne4 20. Be1 Ndf6 21. g5 Nd7 22. Qb5 Nf8 23. Qxa5 bxa5 24. Rb5 Nd6 25. Rxa5 Rxe3 26. Bxd5 Ng6 27. Bg3 h5 28. gxh6 gxh6 29. Ra6 Rd8 30. f5 Nxf5 31. Rxg6+ Kh7 32. Bxf7 Rf8 {Vachier Lagrave,M (2727)-Nihal,S (2694) chess.com INT 2023 1-0 (35)}) ({RR} 18. Bxf6 Nxf6 19. Rc2 Qa4 20. Rac1 b5 21. Qf5 Qc4 22. Kf2 Re6 23. g5 Ne4+ 24. Bxe4 Rxe4 25. Qh3 Rce8 26. Re1 Qd3 27. Rce2 Qc4 28. Qd7 a6 29. Qd6 R8e6 30. Qb4 Qc6 31. Ra1 Qe8 32. Rae1 Rc6 {Balabayeva,X (2183)-Nurmanova,A (2191) Semey KAZ 2022 0-1 (72)}) ({RR} 18. Rab1 b6 19. Bh4 Ne4 20. Be1 Ndf6 21. g5 Nd7 22. Qb5 Nf8 23. Qxa5 bxa5 24. Rb5 Nd6 25. Rxa5 Rxe3 26. Bxd5 Ng6 27. Bg3 h5 28. gxh6 gxh6 29. Ra6 Rd8 30. f5 Nxf5 31. Rxg6+ Kh7 32. Bxf7 Rf8 {Vachier Lagrave,M (2727)-Nihal,S (2694) chess.com INT 2023 1-0 (35)}) 18... Ne4 19. Be1 Nb6 20. Rab1 Nc4 21. Bxe4 Rxe4 22. Bf2 b6 23. Re1 Rce8 24. Re2 Qa4 25. h3 h5 26. gxh5 Qd7 27. Kh2 Qf5 28. Rg1 Rxf4 29. exf4 Qxd3 30. Rxe8+ Kh7 31. h6 g6 32. Re7 Nd6 33. Rxa7 Qxc3 34. Rg2 Qf3 35. Rd7 Ne4 36. Rxf7+ Kxh6 37. Bh4 1-0

[Event "Titled Tue 5th Sep Early"]
[Site "chess.com INT"]
[Date "2023.09.05"]
[Round "7"]
[White "Oparin, G."]
[Black "Navara, D."]
[Result "1-0"]
[WhiteElo "2681"]
[BlackElo "2688"]
[PlyCount "61"]
[EventDate "2023.09.05"]

1. Nf3 d5 2. e3 Nf6 3. c4 e6 4. Nc3 c5 5. cxd5 exd5 6. d4 Nc6 7. Bb5 cxd4 8. Nxd4 Bd7 9. O-O Bd6 10. Nf3 a6 11. Be2 Be6 12. b3 O-O 13. Bb2 Qe7 14. Rc1 ({RR} 14. Nd4 Ne5 15. Rc1 Rad8 16. Qc2 Rfe8 17. h3 Qd7 18. Nxe6 fxe6 19. Rfd1 Rc8 20. Qb1 Bb8 21. g3 Qf7 22. Kg2 Rf8 23. f4 Nc6 24. Bf3 Ba7 25. Qd3 Rfd8 26. Ne2 Nb4 27. Qd2 Nc6 28. Nd4 Ne4 {Dardha,D (2627)-Navara,D (2662) Biel SUI 2025 ½-½ (62)}) ({RR} 14. Nd4 Ne5 15. Rc1 Rad8 16. Qc2 Rfe8 17. h3 Qd7 18. Nxe6 fxe6 19. Rfd1 Rc8 20. Qb1 Bb8 21. g3 Qf7 22. Kg2 Rf8 23. f4 Nc6 24. Bf3 Ba7 25. Qd3 Rfd8 26. Ne2 Nb4 27. Qd2 Nc6 28. Nd4 Ne4 {Dardha,D (2627)-Navara,D (2662) Biel SUI 2025 ½-½ (62)}) 14... Rad8 ({RR} 14... Rfd8 15. Nd4 Nxd4 16. Qxd4 Bc5 17. Qh4 d4 18. exd4 Rxd4 19. Qg3 Rad8 20. Rcd1 Bd6 21. f4 Bc5 22. Kh1 Rxd1 23. Bxd1 Bd4 24. Bf3 b5 25. Rd1 b4 26. Nd5 Bxd5 27. Rxd4 Bxf3 28. Rxd8+ Qxd8 29. Qxf3 {Smolik,J (2375)-Schuricht,E (2273) St. Veit an der Glan AUT 2026 ½-½ (51)}) ({RR} 14... Rfd8 15. Nd4 Nxd4 16. Qxd4 Bc5 17. Qh4 d4 18. exd4 Rxd4 19. Qg3 Rad8 20. Rcd1 Bd6 21. f4 Bc5 22. Kh1 Rxd1 23. Bxd1 Bd4 24. Bf3 b5 25. Rd1 b4 26. Nd5 Bxd5 27. Rxd4 Bxf3 28. Rxd8+ Qxd8 29. Qxf3 {Smolik,J (2375)-Schuricht,E (2273) St. Veit an der Glan AUT 2026 ½-½ (51)}) 15. h3 $146 ({RR} 15. Nd4 Bb8 16. Nxc6 bxc6 17. Na4 Qd6 18. g3 Bh3 19. Re1 Ne4 20. Qd4 Qh6 21. Rxc6 f6 22. Nc3 Be5 23. Qd1 Nxf2 24. Kxf2 Bd7 25. Qxd5+ Kh8 {0-1 (25) Charbonneau,P (2386)-Moskvitch,A (2207) Winnipeg 2002}) ({RR} 15. Nd4 Bb8 16. Nxc6 bxc6 17. Na4 Qd6 18. g3 Bh3 19. Re1 Ne4 20. Qd4 Qh6 21. Rxc6 f6 22. Nc3 Be5 23. Qd1 Nxf2 24. Kxf2 Bd7 25. Qxd5+ Kh8 {0-1 (25) Charbonneau,P (2386)-Moskvitch,A (2207) Winnipeg 2002}) 15... Bb8 16. Re1 Ba7 17. Bd3 d4 18. exd4 Nxd4 19. Ne4 Nxe4 20. Rxe4 Nxf3+ 21. Qxf3 Qg5 22. Re2 Bd5 23. Be4 Bxe4 24. Qxe4 Rd2 25. Rce1 Qd8 26. Qg4 f6 27. Re7 Bxf2+ 28. Kh1 Qxe7 29. Rxe7 Rd1+ 30. Qxd1 Bg1 31. Qd5+ 1-0

[Event "11th Norway Chess 2023"]
[Site "Stavanger NOR"]
[Date "2023.05.30"]
[Round "1.3"]
[White "Mamedyarov, S."]
[Black "Tari, A."]
[Result "1/2-1/2"]
[WhiteElo "2738"]
[BlackElo "2642"]
[PlyCount "61"]
[EventDate "2023.05.30"]

1. c4 e6 2. Nc3 d5 3. d4 c5 4. cxd5 exd5 5. Nf3 Nc6 6. Bg5 Be7 7. Bxe7 Ngxe7 8. e3 c4 9. Be2 O-O 10. O-O Rb8 11. e4 b5 12. Qd2 dxe4 13. Nxe4 Be6 14. Rad1 Bd5 $146 ({RR} 14... Qc7 15. Nc5 Qd6 16. Nxe6 fxe6 17. Rfe1 Nd5 18. Ng5 Rf4 19. Nxe6 Re4 20. Ng5 Rxd4 21. Qc2 Nf6 22. b3 Re8 23. Bxc4+ bxc4 24. Rxe8+ Nxe8 25. Qxh7+ Kf8 26. Re1 Nf6 27. Qh8+ Ng8 28. Qh5 g6 29. Qf3+ {Sorin,A (2460)-Reides,M (2315) Buenos Aires 1998 1-0 (35)}) ({RR} 14... Qc7 15. Nc5 Qd6 16. Nxe6 fxe6 17. Rfe1 Nd5 18. Ng5 Rf4 19. Nxe6 Re4 20. Ng5 Rxd4 21. Qc2 Nf6 22. b3 Re8 23. Bxc4+ bxc4 24. Rxe8+ Nxe8 25. Qxh7+ Kf8 26. Re1 Nf6 27. Qh8+ Ng8 28. Qh5 g6 29. Qf3+ {Sorin,A (2460)-Reides,M (2315) Buenos Aires 1998 1-0 (35)}) 15. Nc3 Qd6 16. Ne5 Rfd8 17. Bf3 Bxf3 18. Nxf3 Nf5 19. d5 Nb4 20. Nd4 Nxd4 21. Qxd4 a6 22. a4 h6 23. h3 Nd3 24. axb5 axb5 25. b3 Qb6 26. Nxb5 cxb3 27. Rxd3 Qxb5 28. Rb1 Qb4 29. Qxb4 Rxb4 30. Rdxb3 Rxb3 31. Rxb3 1/2-1/2

[Event "6th Sharjah Masters 2023"]
[Site "Sharjah UAE"]
[Date "2023.05.23"]
[Round "7.6"]
[White "Tabatabaei, M."]
[Black "Petrosyan, M."]
[Result "1-0"]
[WhiteElo "2677"]
[BlackElo "2629"]
[PlyCount "95"]
[EventDate "2023.05.17"]

1. c4 Nf6 2. Nf3 e6 3. Nc3 d5 4. e3 c5 5. d4 Nc6 6. cxd5 exd5 7. Bb5 cxd4 8. exd4 Bd6 9. O-O O-O 10. h3 h6 11. Re1 Re8 ({RR} 11... Bf5 12. Ne5 Rc8 13. Bf4 Ne7 14. Ba4 Ne4 15. Nxe4 Bxe4 16. Bb3 Nc6 17. Nxc6 Rxc6 18. Bxd6 Qxd6 19. f3 Bf5 20. Re5 Be6 21. Qd2 f6 22. Re3 Rfc8 23. Rae1 Bf7 24. R3e2 R6c7 25. Re3 Rc6 26. R3e2 {Grischuk,A (2778)-Anand,V (2753) Zagreb 2021 ½-½}) ({RR} 11... Bf5 12. Ne5 Qb6 13. Bxc6 bxc6 14. Na4 Qb5 15. Bf4 Bxe5 16. Bxe5 Nd7 17. b3 Rfe8 18. Bd6 Qd3 19. Qxd3 Bxd3 20. Rac1 Bb5 21. Nc3 Bd3 22. f3 f6 23. Kf2 Kf7 24. Re3 Rxe3 25. Kxe3 Ba6 26. Rc2 {Robson,R (2650)-Hovhannisyan,R (2621) Doha QAT 2025 ½-½ (136)}) ({RR} 11... Bf5 12. Ne5 Rc8 13. Bf4 Ne7 14. Ba4 Ne4 15. Nxe4 Bxe4 16. Bb3 Nc6 17. Nxc6 Rxc6 18. Bxd6 Qxd6 19. f3 Bf5 20. Re5 Be6 21. Qd2 f6 22. Re3 Rfc8 23. Rae1 Bf7 24. R3e2 R6c7 25. Re3 Rc6 26. R3e2 {Grischuk,A (2778)-Anand,V (2753) Zagreb 2021 ½-½}) ({RR} 11... Bf5 12. Ne5 Qb6 13. Bxc6 bxc6 14. Na4 Qb5 15. Bf4 Bxe5 16. Bxe5 Nd7 17. b3 Rfe8 18. Bd6 Qd3 19. Qxd3 Bxd3 20. Rac1 Bb5 21. Nc3 Bd3 22. f3 f6 23. Kf2 Kf7 24. Re3 Rxe3 25. Kxe3 Ba6 26. Rc2 {Robson,R (2650)-Hovhannisyan,R (2621) Doha QAT 2025 ½-½ (136)}) 12. Ne5 Bxe5 13. Bxc6 Bh2+ $146 ({RR} 13... bxc6 14. dxe5 Nd7 15. f4 Rb8 16. b3 Ba6 17. Be3 f6 18. exf6 Qxf6 19. Qd2 Ra8 20. Bd4 Qg6 21. Rxe8+ Qxe8 22. Re1 Qf7 23. Qe3 Rf8 24. g3 Bc8 25. Qe7 Qg6 26. Qe6+ Qxe6 27. Rxe6 c5 28. Bf2 {Grischuk,A (2777)-Wei,Y (2732) Chess.com INT 2020 ½-½ (39)}) ({RR} 13... bxc6 14. dxe5 Nd7 15. f4 Rb8 16. b3 Ba6 17. Be3 f6 18. exf6 Qxf6 19. Qd2 Ra8 20. Bd4 Qg6 21. Rxe8+ Qxe8 22. Re1 Qf7 23. Qe3 Rf8 24. g3 Bc8 25. Qe7 Qg6 26. Qe6+ Qxe6 27. Rxe6 c5 28. Bf2 {Grischuk,A (2777)-Wei,Y (2732) Chess.com INT 2020 ½-½ (39)}) 14. Kxh2 Rxe1 15. Qxe1 Qd6+ 16. Qe5 Qxc6 17. f3 Bd7 18. Bf4 Re8 19. Qd6 a5 20. Rc1 Qxd6 21. Bxd6 Bc6 22. Kg1 Nh7 23. h4 Nf8 24. Bxf8 Kxf8 25. Kf2 Ke7 26. Nd1 Ra8 27. Ne3 Ra6 28. g4 Rb6 29. Rc2 g6 30. Kg3 Rb4 31. Rd2 Kf6 32. f4 h5 33. g5+ Ke6 34. f5+ Kd6 35. Kf3 Bd7 36. Kf4 Rb6 37. fxg6 fxg6 38. Nd1 Rc6 39. Nc3 Rc4 40. Ke3 Bf5 41. Re2 Kc6 42. Rf2 b5 43. Ne2 Rc2 44. Rxf5 gxf5 45. Kd3 Rxb2 46. g6 f4 47. g7 f3 48. Ng3 1-0